000 01104nam a2200241Ia 4500
003 Ost
005 20260507075355.0
008 260507s9999||||xx |||||||||||||| ||und||
020 _a26857099579
040 _cfsecg
041 _aara
082 _a330
100 _aقادر، أحمد حسن صالح
_eمؤلف
245 0 _aظاهرة العولمة الإقتصادية وتأثيراتها على أسواق المال العالمية /
_c أحمد حسن صالح قادر
260 _aإربد:
_bعالم الكتب الحديث,
_c2013
300 _a276 صفحة؛
_bإيضاحات ؛
_c24 سم
504 _aالمراجع ص.271
520 _aظاهرة العولمة الإقتصادية، نشوئها وترسيخها عالميا- مجالات العولمة الإقتصادية- أسواق المال العالمية- أسواق المال العالمية في ظل ظاهرة العولمة الإقتصادية
653 _aالأسواق المالية- العالمية
653 _aالإقتصاد العالمي
653 _aالعولمة
942 _cكتاب
999 _c44207
_d44207